[Event "iwanikow"]
[Site "http://www.queenalice.com/game.php?id=240910"]
[Date "2007.7.16"]
[Round "2"]
[White "marcosnatal"]
[Black "serapio"]
[Result "1-0"]
[WhiteElo "2038"]
[BlackElo "1628"]

1. d4 g6 2. e4 e6 3. c4 Bg7 4. Nf3 Nh6 5. Nc3 O-O 6. Bd3 d6 7. O-O Nd7 8. Be2 c6
9. Ng5 e5 10. d5 f6 11. Ne6 Qe7 12. Nxf8 Nxf8 13. b4 a5 14. Qa4 Ra6 15. c5 axb4
16. Qxb4 dxc5 17. Qb3 f5 18. dxc6+ Nf7 19. Nd5 Be6 20. Nxe7+ Kh8 21. Bc4 Nd6 22.
Bxe6 bxc6 23. Qd3 1-0

[Event "Challenge"]
[Site "http://www.queenalice.com/game.php?id=244880"]
[Date "2007.7.24"]
[Round "-"]
[White "rafaelbdb"]
[Black "serapio"]
[Result "0-1"]
[WhiteElo "1306"]
[BlackElo "1611"]

1. e4 Nf6 2. Nc3 e5 3. Nf3 Nc6 4. Be2 g6 5. O-O Bg7 6. d4 exd4 7. Nxd4 O-O 8.
Bg5 d6 9. Nxc6 bxc6 10. e5 dxe5 11. Qxd8 Rxd8 12. Ne4 h6 13. Nxf6+ Kh8 0-1

[Event "Challenge"]
[Site "http://www.queenalice.com/game.php?id=268017"]
[Date "2007.9.7"]
[Round "-"]
[White "juninhopraia"]
[Black "serapio"]
[Result "0-1"]
[WhiteElo "1449"]
[BlackElo "1615"]

1. e4 g6 2. Bb5 a6 3. Bc4 e5 4. Nf3 b5 5. Bd5 c6 6. Bb3 a5 7. Qe2 a4 8. Qe3 axb3
9. cxb3 Na6 10. Nxe5 Bc5 11. Qc3 Qf6 12. f4 Qxf4 13. a3 Qxe4+ 14. Kd1 Qxg2 15.
Re1 b4 16. axb4 Bxb4 17. Qc2 d6 18. Nxc6+ Kf8 19. Nxb4 Bg4+ 20. Re2 Qg1# 0-1

[Event "xeque-mate 2"]
[Site "http://www.queenalice.com/game.php?id=277185"]
[Date "2007.9.26"]
[Round "3"]
[White "serapio"]
[Black "Luciano_Matte"]
[Result "1/2-1/2"]
[WhiteElo "1626"]
[BlackElo "1926"]

1. e4 e6 2. Nc3 d5 3. Nf3 dxe4 4. Nxe4 Nd7 5. d3 Ngf6 6. Bg5 Be7 7. c4 Nxe4 8.
dxe4 Bxg5 9. Qa4 c6 10. Rd1 Bf4 11. g3 Bc7 12. Qa3 Qe7 13. b4 a5 14. c5 O-O 15.
h4 Nf6 16. Bh3 Rd8 17. O-O Bd7 18. Rd4 e5 19. Rxd7 Nxd7 20. b5 Qxc5 21. Qe3 Qxb5
22. Bf5 Nf6 1/2-1/2

[Event "iwanikow"]
[Site "http://www.queenalice.com/game.php?id=289244"]
[Date "2007.10.19"]
[Round "3"]
[White "serapio"]
[Black "iwanikow"]
[Result "0-1"]
[WhiteElo "1638"]
[BlackElo "1738"]

1. c4 c5 2. e4 e5 3. g3 Nf6 4. d3 Be7 5. Bg2 O-O 6. Nh3 Nc6 7. a3 d6 8. O-O Nd4
9. f3 b6 10. g4 a6 11. Be3 b5 12. Bxd4 cxd4 13. cxb5 axb5 14. g5 Nh5 15. f4 Bxh3
16. Bxh3 Nxf4 17. Bg4 Bxg5 18. Nd2 Nxd3 19. Nf3 Nxb2 20. Qc2 Nc4 21. Qb3 Be3+
22. Kh1 Nd2 23. Nxd2 Bxd2 0-1

[Event "xeque-mate 2"]
[Site "http://www.queenalice.com/game.php?id=311802"]
[Date "2007.11.28"]
[Round "4"]
[White "serapio"]
[Black "Malkmus"]
[Result "0-1"]
[WhiteElo "1634"]
[BlackElo "1801"]

1. e4 d5 2. e5 Nc6 3. f4 Bf5 4. c3 g5 5. g4 Be4 6. Nf3 gxf4 7. Bg2 Nxe5 8. d4
Nxf3+ 9. Bxf3 Bxb1 10. Rxb1 Qd6 11. O-O O-O-O 12. b4 Kb8 13. Qe2 Bg7 14. a4 f6
15. c4 dxc4 16. Qxc4 f5 17. Bg2 Bxd4+ 18. Kh1 fxg4 19. Bxf4 e5 20. Bg3 Nf6 21.
Rbe1 h5 22. Bh4 Rhf8 23. a5 b6 24. a6 Rde8 25. Bxf6 Rxf6 26. Rxf6 Qxf6 27. Rf1
Qd6 28. Qb5 Rc8 29. Rc1 c5 30. bxc5 Bxc5 31. h4 Qd8 32. Rxc5 Rxc5 33. Qf1 g3 34.
Kg1 Qxh4 35. Bh3 Qd4+ 36. Kg2 Rc2+ 37. Kh1 Rh2# 0-1

[Event "Challenge"]
[Site "http://www.queenalice.com/game.php?id=367390"]
[Date "2008.3.8"]
[Round "-"]
[White "CHUVARJ"]
[Black "serapio"]
[Result "0-1"]
[WhiteElo "1276"]
[BlackElo "1637"]

1. e4 e5 2. Nf3 Nc6 3. h4 Nh6 4. c3 a5 5. Rh3 d6 6. Ng5 Qe7 7. Bb5 Bd7 8. d4 f6
9. Qh5+ g6 10. Qf3 Bg7 11. h5 O-O 12. hxg6 hxg6 13. dxe5 fxg5 14. Qe2 Bxh3 15.
gxh3 Qxe5 16. Nd2 Qh2 17. Bxc6 bxc6 18. Nf3 Qh1+ 19. Kd2 Rxf3 20. b4 Raf8 21.
Kc2 Rxf2 22. Qxf2 Rxf2+ 23. Kb3 Qxe4 24. bxa5 Qc2+ 25. Ka3 Qxc3+ 26. Ka4 Qxa1
27. Be3 Rxa2+ 28. Kb4 d5 29. Bc5 Qc3# 0-1

[Event "AUTO-BEG-29"]
[Site "http://www.queenalice.com/game.php?id=379781"]
[Date "2008.3.31"]
[Round "3"]
[White "jcbraga"]
[Black "serapio"]
[Result "1-0"]
[WhiteElo "1787"]
[BlackElo "1625"]

1. e4 e5 2. Nf3 d6 3. Bc4 Nh6 4. d3 f6 5. Bxh6 gxh6 6. Nbd2 Nc6 7. Qe2 a6 8.
O-O-O Bg4 9. h3 Bxf3 10. Qxf3 Qe7 11. Bd5 O-O-O 12. Bxc6 bxc6 13. Qf5+ Kb7 14.
f4 exf4 15. Qxf4 Rb8 16. Rhf1 Bg7 17. Nb3 f5 18. Qxf5 Rhf8 19. Qg4 Rxf1 20. Rxf1
Qe5 21. Rf5 Qxb2+ 22. Kd1 Bc3 23. Na5+ Kb6 24. Nc4+ Ka7 25. Nxb2 Rxb2 26. Rf1
Rxa2 27. Qd7 Kb6 28. Rf7 Kc5 29. Qxc7 Kd4 30. Qxd6+ 1-0

[Event "AUTO-BEG-29"]
[Site "http://www.queenalice.com/game.php?id=379782"]
[Date "2008.3.31"]
[Round "3"]
[White "serapio"]
[Black "jcbraga"]
[Result "0-1"]
[WhiteElo "1617"]
[BlackElo "1779"]

1. e4 e5 2. g3 Nf6 3. Bg2 Bc5 4. Qe2 O-O 5. d3 d6 6. h3 Nc6 7. Nf3 h6 8. a3 Nd4
9. Nxd4 Bxd4 10. O-O b5 11. c3 Bb6 12. Nd2 Re8 13. c4 bxc4 14. Nxc4 Ba6 15. Ne3
c6 16. Nf5 Bc8 17. Nh4 Ba6 18. b4 d5 19. Rd1 d4 20. g4 Nxe4 21. Nf5 Nc3 22. Qc2
Nxd1 23. Qxd1 Qc7 24. g5 hxg5 25. Bxg5 Bc8 26. Qg4 Bxf5 27. Qxf5 Qc8 28. Qe4 Rb8
29. Qh4 Bd8 30. Be4 Bxg5 31. Qxg5 Qxh3 32. Rc1 Qh6 33. Qf5 Qxc1+ 34. Kg2 Qh6 35.
a4 Qg6+ 36. Kf3 Qxf5+ 37. Bxf5 Rxb4 38. Be4 c5 39. Kg4 c4 40. f3 c3 41. a5 c2
0-1

[Event "Membros Orkut"]
[Site "http://www.queenalice.com/game.php?id=384029"]
[Date "2008.4.8"]
[Round "1"]
[White "serapio"]
[Black "yo_soy_lo_mejor"]
[Result "0-1"]
[WhiteElo "1630"]
[BlackElo "1913"]

1. e4 c5 2. g3 d6 3. Nc3 Nf6 4. Bg2 e6 5. h3 a6 6. a4 Be7 7. a5 Nbd7 8. d3 Qc7
9. Nce2 Rb8 10. c4 h6 11. Nf3 b5 12. O-O bxc4 13. dxc4 Nxe4 14. b3 Bb7 15. Nh2
Ndf6 16. f3 Ng5 17. h4 Ngh7 18. Be3 d5 19. b4 cxb4 20. Bb6 Qxc4 21. Rc1 Qb5 22.
Rc7 Bd8 23. Nc3 bxc3 24. Qe1 Bxc7 25. Bxc7 Qc5+ 26. Rf2 Qxc7 0-1

[Event "Challenge"]
[Site "http://www.queenalice.com/game.php?id=395006"]
[Date "2008.4.28"]
[Round "-"]
[White "eduardofelix"]
[Black "serapio"]
[Result "1-0"]
[WhiteElo "1817"]
[BlackElo "1639"]

1. e4 e5 2. Nf3 Nc6 3. Bb5 Qf6 4. a3 a6 5. Be2 b5 6. c3 g6 7. O-O d6 8. h3 Bg7
9. a4 b4 10. b3 Nh6 11. d4 O-O 12. d5 Ne7 13. Bg5 Qxg5 14. Nxg5 f6 15. Ne6 Bxe6
16. dxe6 a5 17. cxb4 axb4 18. a5 Nc6 19. a6 Rfe8 20. Bb5 Nd4 21. Bxe8 Rxe8 22.
a7 Ra8 23. Qd3 Nxe6 24. Qd5 Rxa7 25. Qxe6+ Nf7 26. Rxa7 1-0

[Event "Challenge"]
[Site "http://www.queenalice.com/game.php?id=415886"]
[Date "2008.6.11"]
[Round "-"]
[White "CHUVARJ"]
[Black "serapio"]
[Result "0-1"]
[WhiteElo "1248"]
[BlackElo "1615"]

1. f4 c5 2. c4 Qc7 3. g3 Nf6 4. b3 a5 5. Nc3 Nc6 6. d3 g6 7. Bh3 Nd4 8. Ba3 b6
9. e3 Nf5 10. Nb5 Qc6 11. Nc3 Qxh1 12. Ke2 Qxh2+ 13. Kf1 Nxg3+ 14. Ke1 Qxg1+ 15.
Kd2 Qh2+ 16. Kc1 Qxh3 17. d4 Nfe4 18. Qf3 Bb7 19. Nxe4 Bxe4 20. Qf2 Qh1+ 21. Kd2
Qxa1 22. Qxg3 Qxa2+ 23. Kc3 Qc2# 0-1

[Event "Membros Orkut"]
[Site "http://www.queenalice.com/game.php?id=431038"]
[Date "2008.7.10"]
[Round "2"]
[White "serapio"]
[Black "JCOELHO"]
[Result "0-1"]
[WhiteElo "1607"]
[BlackElo "1916"]

1. e4 e5 2. Nf3 Nc6 3. c4 Nf6 4. Nc3 Bb4 5. a3 Bxc3 6. dxc3 Nxe4 7. Qd5 Nf6 8.
Qd3 e4 9. Qe3 O-O 10. Ng5 h6 11. Nxe4 Re8 12. f3 d5 13. cxd5 Qxd5 14. Nxf6+ gxf6
15. Qxe8+ Kg7 16. Be2 a5 17. Qe3 Bf5 18. Qxh6+ Kg8 19. Qxf6 Bc2 20. Bh6 Qe5 21.
Qxe5 Nxe5 22. O-O c5 23. f4 Nd3 24. Bxd3 Bxd3 25. Rfd1 Bc4 26. Rd7 b5 27. f5 b4
28. Re1 bxc3 29. bxc3 Rb8 30. Kf2 Rb3 31. Rc7 Rxa3 32. Rxc5 Bd3 33. Re7 Ra2+ 34.
Ke3 Bf1 35. Rc8+ Kh7 36. Rxf7+ Kxh6 37. Rc6+ Kg5 38. Rc8 Rxg2 39. Rg8+ Kh6 40.
Rh8+ Kg5 41. f6 Kg6 42. Rff8 a4 0-1

[Event "Challenge"]
[Site "http://www.queenalice.com/game.php?id=461398"]
[Date "2008.9.11"]
[Round "-"]
[White "CHUVARJ"]
[Black "serapio"]
[Result "0-1"]
[WhiteElo "1238"]
[BlackElo "1594"]

1. e4 e5 2. Nf3 Nf6 3. a4 g6 4. Nxe5 Nxe4 5. Qe2 Bg7 6. Nd3 d5 7. a5 b6 8. Ne5
O-O 9. axb6 Bxe5 10. bxa7 Nc6 11. f3 Nd4 12. Qe3 Nxc2+ 13. Ke2 Nxe3 14. Kxe3
Qg5+ 15. Ke2 d4 16. Kd1 Bf4 17. fxe4 Bg4+ 18. Ke1 Qh4+ 19. g3 Bxg3+ 20. hxg3
Qxg3# 0-1

[Event "Challenge"]
[Site "http://www.queenalice.com/game.php?id=461776"]
[Date "2008.9.11"]
[Round "-"]
[White "serapio"]
[Black "CHUVARJ"]
[Result "1-0"]
[WhiteElo "1596"]
[BlackElo "1236"]

1. e4 e5 2. Nf3 Bd6 3. Nc3 Nf6 4. d4 exd4 5. Nxd4 Bc5 6. e5 Ng8 7. a3 Qe7 8. Nf5
Qxe5+ 9. Ne3 d6 10. Nd5 Bd4 11. Nxc7+ Kd7 12. Nxa8 Nf6 13. c3 Bxc3+ 14. Ke2 Ne4
15. Qc2 Ba5 16. Qa4+ Ke6 17. Nc7+ Ke7 18. Ncd5+ Ke6 19. Qxa5 Nc6 20. Qc7 f5 21.
f3 Qd4 22. fxe4 Qxe4 23. b4 Rd8 24. b5 Qa4 25. bxc6 bxc6 26. Qe7# 1-0

[Event "MG Challenge"]
[Site "http://www.queenalice.com/game.php?id=468964"]
[Date "2008.9.26"]
[Round "-"]
[White "MarcosT"]
[Black "serapio"]
[Result "1-0"]
[WhiteElo "1770"]
[BlackElo "1603"]

1. e4 e5 2. Bc4 Nh6 3. Nc3 c6 4. d4 Qe7 5. Nf3 d6 6. Bg5 Qd7 7. dxe5 g6 8. h3
Bg7 9. exd6 b5 10. Bb3 Bb7 11. a3 c5 12. Nd5 c4 13. Bf6 cxb3 14. Bxg7 Rg8 15.
Nf6+ 1-0